[Event "European Senior Team Championship 2014"]
[Site "Sibenik"]
[Date "2014.04.06"]
[Round "6.13"]
[White "Reuben, Stewart"]
[Black "Hallerod, Ralph"]
[Result "0-1"]
[WhiteElo "2063"]
[BlackElo "2086"]
[PlyCount "58"]
[EventDate "2014.04.01"]

1. c4 Nf6 2. b3 g6 3. Bb2 Bg7 4. e4 d6 5. Be2 O-O 6. Nc3 Nxe4 7. Qc2 Nxc3 8.
Bxc3 c5 9. Bxg7 Kxg7 10. Bf3 Qc7 11. Ne2 Nc6 12. Qc3+ e5 13. O-O-O Nd4 14. Nxd4
cxd4 15. Qc2 Rb8 16. Bd5 b5 17. d3 bxc4 18. dxc4 Bb7 19. Bxb7 Qxb7 20. f3 Rfc8
21. Kd2 Qb4+ 22. Ke2 d5 23. Rc1 f6 24. Rhd1 Rc7 25. Qd2 dxc4 26. bxc4 Rxc4 27.
Qxb4 Rbxb4 28. a3 Rb2+ 29. Kd3 Rxc1 0-1

[Event "European Senior Team Championship 2014"]
[Site "Sibenik"]
[Date "2014.04.06"]
[Round "6.13"]
[White "Carlsson, Ingvar"]
[Black "Wood, Peter R"]
[Result "1/2-1/2"]
[WhiteElo "2064"]
[BlackElo "1951"]
[PlyCount "120"]
[EventDate "2014.04.01"]

1. e4 e6 2. d3 d5 3. Nd2 c5 4. Ngf3 Nc6 5. g3 Bd6 6. Bg2 Nge7 7. O-O O-O 8. Re1
Qc7 9. Qe2 f6 10. c3 Bd7 11. a3 a5 12. b3 e5 13. exd5 Nxd5 14. Bb2 Nde7 15. Ne4
Bg4 16. h3 Bh5 17. g4 Bf7 18. Nfd2 Ng6 19. Qe3 Nf4 20. Bf1 Rad8 21. Rab1 Be7
22. f3 b6 23. Red1 Rd7 24. Kh1 Rfd8 25. Nf2 Bg6 26. Nde4 Bf7 27. Bc1 Bf8 28.
Ng3 g6 29. Nge4 Bg7 30. Qe1 Ne6 31. Rb2 Ne7 32. Ng3 Nd5 33. Ne2 Nef4 34. Nxf4
Nxf4 35. Bxf4 exf4 36. Ne4 Bd5 37. Qf2 Qb7 38. Rc1 Qc6 39. Kh2 Bf8 40. a4 Kg7
41. Re1 Qb7 42. d4 cxd4 43. Qxd4 Bxe4 44. Qxe4 Rd2+ 45. Re2 Qxe4 46. fxe4 Rxb2
47. Rxb2 Ba3 48. Rc2 Bc5 49. Be2 g5 50. Kg2 Kf8 51. Rb2 Ba3 52. Ra2 Bc1 53. Rc2
Rd2 54. Rxd2 Bxd2 55. b4 axb4 56. cxb4 Bxb4 57. Kf3 Ke7 58. Bb5 Kd6 59. Be2 Ke5
60. Bb5 Kd4 1/2-1/2

[Event "European Senior Team Championship 2014"]
[Site "Sibenik"]
[Date "2014.04.06"]
[Round "6.13"]
[White "Phillips, William"]
[Black "Gromark, Per-Olof"]
[Result "0-1"]
[WhiteElo "1939"]
[BlackElo "2046"]
[PlyCount "130"]
[EventDate "2014.04.01"]

1. e4 c5 2. Nf3 d6 3. Bb5+ Nd7 4. c4 Qa5 5. Nc3 a6 6. Ba4 Rb8 7. O-O b5 8. cxb5
axb5 9. Bc2 Ngf6 10. d3 e6 11. Bd2 Qb6 12. Ne2 Be7 13. d4 O-O 14. e5 Nd5 15.
Bg5 c4 16. Ng3 Bxg5 17. Bxh7+ Kxh7 18. Nxg5+ Kg8 19. Qh5 N7f6 20. Qh4 Re8 21.
exf6 Nxf6 22. Rad1 Bb7 23. Nh5 Qd8 24. Rfe1 Nxh5 25. Qxh5 Qf6 26. Re3 e5 27.
Rh3 g6 28. Qh7+ Kf8 29. Qh8+ Ke7 30. Qxf6+ Kxf6 31. Nf3 Rbd8 32. Kf1 b4 33. Ne1
Ba6 34. Rf3+ Kg7 35. Re3 c3+ 36. Kg1 cxb2 37. Rb3 exd4 38. Rxb2 d3 39. f3 Re2
40. Rbd2 Rde8 41. Rxe2 Rxe2 42. Nxd3 Bxd3 43. Rxd3 Rxa2 44. Rb3 Ra4 45. Rd3 Ra6
46. Rb3 Rb6 47. Kf2 Kf6 48. Ke3 Ke5 49. h4 Kd5 50. Kd3 Kc5 51. g4 d5 52. Rb2
Rf6 53. Rf2 Rf4 54. Ke3 Rc4 55. Kd2 b3 56. Kd1 Rf4 57. Kc1 Kc4 58. Kb2 d4 59.
Rf1 d3 60. h5 gxh5 61. gxh5 Rh4 62. Rc1+ Kd4 63. Kxb3 Rxh5 64. Rc4+ Ke3 65. Kc3
Rd5 0-1

[Event "European Senior Team Championship 2014"]
[Site "Sibenik"]
[Date "2014.04.06"]
[Round "6.14"]
[White "Just, Joachim"]
[Black "Jones, Iolo C"]
[Result "0-1"]
[WhiteElo "1982"]
[BlackElo "2185"]
[PlyCount "68"]
[EventDate "2014.04.01"]

1. d4 Nf6 2. Nf3 e6 3. Bg5 c5 4. c3 Qb6 5. Qb3 d5 6. Nbd2 Nc6 7. e3 Be7 8. Be2
O-O 9. O-O h6 10. Bh4 c4 11. Qc2 Qc7 12. Bg3 Qd8 13. Bh4 b5 14. Bxf6 Bxf6 15.
e4 Be7 16. Rfe1 Rb8 17. Bf1 b4 18. Ne5 Nxe5 19. dxe5 Qb6 20. Nf3 Bd7 21. exd5
exd5 22. Nd4 Bc5 23. Rad1 bxc3 24. bxc3 Qb2 25. Rb1 Qxc2 26. Nxc2 Bf5 27. Rxb8
Rxb8 28. Nd4 Bxd4 29. cxd4 c3 30. g4 c2 31. e6 fxe6 32. gxf5 Rb1 33. Rxb1
cxb1=Q 34. fxe6 Qg6+ 0-1

[Event "European Senior Team Championship 2014"]
[Site "Sibenik"]
[Date "2014.04.06"]
[Round "6.14"]
[White "Bennett, Patrick"]
[Black "Swoboda, Peter"]
[Result "1-0"]
[WhiteElo "2021"]
[BlackElo "2011"]
[PlyCount "55"]
[EventDate "2014.04.01"]

1. d4 d5 2. c4 c6 3. Nf3 Nf6 4. e3 Bf5 5. Nc3 e6 6. Nh4 Bg4 7. Qb3 b6 8. h3 Bh5
9. g4 Nfd7 10. Ng2 Bg6 11. Nf4 Qf6 12. Bg2 Bd6 13. cxd5 cxd5 14. Nfxd5 Qh4 15.
Nf4 Bxf4 16. exf4 Bd3 17. Nd5 exd5 18. Qxd3 Nc6 19. Bxd5 Rc8 20. O-O O-O 21.
Bg2 Nb4 22. Qf5 Nf6 23. Bd2 Nc6 24. Qg5 Qxg5 25. fxg5 Ne8 26. d5 Nd4 27. Bb4
Nc2 28. Rac1 1-0

[Event "European Senior Team Championship 2014"]
[Site "Sibenik"]
[Date "2014.04.06"]
[Round "6.14"]
[White "Reinemann, Guenter"]
[Black "Thornton, John D"]
[Result "1/2-1/2"]
[WhiteElo "1980"]
[BlackElo "2020"]
[PlyCount "86"]
[EventDate "2014.04.01"]

1. e4 e5 2. Nf3 Nc6 3. Bb5 Nd4 4. Bc4 Nxf3+ 5. Qxf3 Qf6 6. Qxf6 Nxf6 7. d3 c6
8. Nc3 b5 9. Bb3 a5 10. a4 b4 11. Ne2 d5 12. Ng3 Bb7 13. O-O Bc5 14. h3 O-O 15.
Re1 Rfe8 16. Nf5 Rad8 17. Bg5 Bc8 18. Bxf6 gxf6 19. Nh6+ Kg7 20. Nf5+ Bxf5 21.
exf5 Kf8 22. Kf1 Bd4 23. Rab1 Ke7 24. Rec1 Kd6 25. c3 Bc5 26. Bd1 Rb8 27. c4
dxc4 28. Rxc4 Bd4 29. b3 Rg8 30. Be2 Rg5 31. g4 Rbg8 32. f3 Rh8 33. Kg2 Rg7 34.
Rbc1 c5 35. Rh1 Rhg8 36. Kf1 Rg5 37. Rc2 Bc3 38. Kf2 Kd5 39. Bf1 Rd8 40. Bg2
Kd6 41. Ke2 Rgg8 42. Bf1 Ke7 43. Bg2 Rd7 1/2-1/2

[Event "European Senior Team Championship 2014"]
[Site "Sibenik"]
[Date "2014.04.06"]
[Round "6.15"]
[White "Fernengel, Rudolf"]
[Black "Morris, Charles F"]
[Result "0-1"]
[WhiteElo "1786"]
[BlackElo "2142"]
[PlyCount "48"]
[EventDate "2014.04.01"]

1. d4 e6 2. e4 d5 3. Bd3 dxe4 4. Bxe4 Nf6 5. Bf3 c5 6. Ne2 Nc6 7. Bxc6+ bxc6 8.
c4 e5 9. dxe5 Qxd1+ 10. Kxd1 Ng4 11. Be3 Nxe5 12. Nd2 Be6 13. b3 Ng4 14. Nf1
O-O-O+ 15. Ke1 Be7 16. Rd1 Rxd1+ 17. Kxd1 Rd8+ 18. Ke1 Bf5 19. Nc1 Bc2 20. Ke2
Bd1+ 21. Ke1 Bc2 22. Ke2 f5 23. f3 Ne5 24. g3 Nxf3 0-1

[Event "European Senior Team Championship 2014"]
[Site "Sibenik"]
[Date "2014.04.06"]
[Round "6.15"]
[White "Miles, Richard"]
[Black "Mai, Hartmut"]
[Result "0-1"]
[WhiteElo "2065"]
[BlackElo "1944"]
[PlyCount "110"]
[EventDate "2014.04.01"]

1. d4 d5 2. c4 e6 3. Nc3 Nf6 4. cxd5 exd5 5. Bg5 Be7 6. e3 O-O 7. Bd3 c6 8. Qc2
Nbd7 9. Nf3 Re8 10. O-O Nf8 11. h3 Nh5 12. Bxe7 Qxe7 13. Rab1 a5 14. Rbe1 Nf6
15. Ne5 N6d7 16. f4 f6 17. Nf3 Nb6 18. e4 dxe4 19. Nxe4 Qd8 20. Nc5 Nd5 21. Bc4
Kh8 22. Rxe8 Qxe8 23. Bxd5 cxd5 24. Re1 Qf7 25. Qe2 b6 26. Na4 Rb8 27. Qe7 Qxe7
28. Rxe7 Bf5 29. Nh4 Be4 30. Nc3 f5 31. Nxe4 fxe4 32. Re5 Rd8 33. f5 Kg8 34.
Kf2 Kf7 35. Ke3 Rd6 36. g4 Nd7 37. Re6 Rxe6 38. fxe6+ Kxe6 39. Nf5 g6 40. Ng3
b5 41. b3 b4 42. Nf1 Kf6 43. Kf4 g5+ 44. Ke3 Nf8 45. Ng3 Ng6 46. Nf5 Ke6 47.
Ng7+ Kd7 48. Nh5 Kc7 49. Ng3 Nf4 50. Nf5 Kd7 51. h4 Ng2+ 52. Kf2 Nxh4 53. Ne3
Ke6 54. Kg3 Nf3 55. Nc2 Nd2 0-1

[Event "European Senior Team Championship 2014"]
[Site "Sibenik"]
[Date "2014.04.06"]
[Round "6.15"]
[White "Baumgarten, Werner"]
[Black "Adams, Mark"]
[Result "0-1"]
[WhiteElo "1932"]
[BlackElo "1978"]
[PlyCount "76"]
[EventDate "2014.04.01"]

1. d4 Nf6 2. c4 e6 3. Nc3 Bb4 4. Bd2 b6 5. f3 O-O 6. a3 Bxc3 7. Bxc3 d5 8. b3
Nbd7 9. Qd2 Ba6 10. e3 Bb7 11. Bd3 c5 12. Nh3 Re8 13. O-O Rc8 14. Rac1 Qe7 15.
dxc5 Nxc5 16. Bc2 dxc4 17. bxc4 Red8 18. Qf2 Nd3 19. Bxd3 Rxd3 20. e4 Rd7 21.
Qh4 h6 22. Nf2 Nd5 23. Qxe7 Nxe7 24. Rfd1 Rcd8 25. Rxd7 Rxd7 26. Rd1 Bc6 27.
Rxd7 Bxd7 28. Nd1 f6 29. Ne3 b5 30. Kf2 Kf7 31. g3 Bc6 32. Ng4 e5 33. Ne3 Ke6
34. Ke2 g6 35. h4 h5 36. Kf2 Nc8 37. Nd1 Nd6 38. Ne3 Bxe4 0-1

[Event "European Senior Team Championship 2014"]
[Site "Sibenik"]
[Date "2014.04.06"]
[Round "6.15"]
[White "Gilbert, Colin"]
[Black "Neudel, Bernd"]
[Result "1/2-1/2"]
[WhiteElo "1780"]
[BlackElo "1895"]
[PlyCount "30"]
[EventDate "2014.04.01"]

1. d4 d5 2. c4 c6 3. Nc3 Nf6 4. Nf3 e6 5. cxd5 exd5 6. Bg5 Be7 7. Qc2 Be6 8. e3
Nbd7 9. Bd3 h6 10. Bh4 Bg4 11. Nd2 a6 12. h3 Be6 13. f4 Nb6 14. b3 Qc7 15. Nf3
Ng8 1/2-1/2

[Event "European Senior Team Championship 2014"]
[Site "Sibenik"]
[Date "2014.04.06"]
[Round "6.16"]
[White "Carlsten, Peter"]
[Black "Vinke, Dietmar"]
[Result "1/2-1/2"]
[WhiteElo "2039"]
[BlackElo "2173"]
[PlyCount "30"]
[EventDate "2014.04.01"]

1. e4 c6 2. d4 d5 3. f3 g6 4. Nc3 Bg7 5. Be3 e6 6. Qd2 Ne7 7. Nge2 a6 8. g4 b5
9. h4 h5 10. gxh5 gxh5 11. Bg5 Qc7 12. Rg1 Bf8 13. Bf4 Qd8 14. Bg5 Qc7 15. Bf4
Qd8 1/2-1/2

[Event "European Senior Team Championship 2014"]
[Site "Sibenik"]
[Date "2014.04.06"]
[Round "6.16"]
[White "Mottonen, Ari"]
[Black "Sterner, Johan"]
[Result "1/2-1/2"]
[WhiteElo "1996"]
[BlackElo "2017"]
[PlyCount "61"]
[EventDate "2014.04.01"]

1. Nf3 d5 2. d4 Nf6 3. g3 e6 4. Bg2 c5 5. O-O Nc6 6. c4 dxc4 7. Ne5 Nxe5 8.
dxe5 Qxd1 9. Rxd1 Nd7 10. f4 Nb6 11. a4 Be7 12. a5 Nd5 13. e4 Nb4 14. Na3 O-O
15. Nxc4 Nc2 16. Ra2 Nd4 17. Kf2 Rd8 18. Be3 Rb8 19. b4 b6 20. axb6 axb6 21.
Rad2 Nc6 22. Rxd8+ Nxd8 23. bxc5 bxc5 24. Nd6 Rb2+ 25. Kg1 Ba6 26. Bxc5 g6 27.
Ra1 Bb5 28. Bb6 Bc6 29. Bf2 Nb7 30. Rc1 Ba4 31. Nxb7 1/2-1/2

[Event "European Senior Team Championship 2014"]
[Site "Sibenik"]
[Date "2014.04.06"]
[Round "6.16"]
[White "Andersson, Sven-Olof"]
[Black "Auvinen, Esa"]
[Result "1/2-1/2"]
[WhiteElo "2012"]
[BlackElo "1988"]
[PlyCount "31"]
[EventDate "2014.04.01"]

1. d4 Nf6 2. Nf3 e6 3. g3 d5 4. Bg2 Be7 5. O-O O-O 6. b3 b6 7. Bb2 Bb7 8. Nbd2
c5 9. e3 Nbd7 10. c4 dxc4 11. bxc4 Qc7 12. Re1 Rfd8 13. Qb3 Ne4 14. Nxe4 Bxe4
15. Nd2 Bxg2 16. Kxg2 1/2-1/2

[Event "European Senior Team Championship 2014"]
[Site "Sibenik"]
[Date "2014.04.06"]
[Round "6.16"]
[White "Laitinen, Martti"]
[Black "Svensson, Soren"]
[Result "1-0"]
[WhiteElo "1770"]
[BlackElo "1998"]
[PlyCount "63"]
[EventDate "2014.04.01"]

1. d4 Nf6 2. c4 e6 3. Nc3 d5 4. Bg5 c6 5. e3 Be7 6. Qc2 Nbd7 7. cxd5 exd5 8.
Bd3 O-O 9. Nge2 Re8 10. O-O Nf8 11. f3 Be6 12. e4 Rc8 13. e5 N6d7 14. Bxe7 Qxe7
15. f4 c5 16. f5 c4 17. fxe6 cxd3 18. exf7+ Qxf7 19. Qxd3 Qg6 20. Qf3 Qb6 21.
Qxd5+ Kh8 22. Qb5 Qxb5 23. Nxb5 Rc2 24. Nd6 Re7 25. Nf4 Rxb2 26. Nd5 Re6 27.
Rf7 h6 28. Raf1 Rxa2 29. Nf4 Rxd6 30. exd6 Rd2 31. d5 b5 32. Ne6 1-0

[Event "European Senior Team Championship 2014"]
[Site "Sibenik"]
[Date "2014.04.06"]
[Round "6.17"]
[White "White, Alastair F"]
[Black "Lahti, Jouko"]
[Result "0-1"]
[WhiteElo "2058"]
[BlackElo "2046"]
[PlyCount "40"]
[EventDate "2014.04.01"]

1. Nf3 d6 2. d4 g6 3. e4 Bg7 4. Be2 c6 5. a4 Nf6 6. Nc3 O-O 7. O-O Nbd7 8. h3
Qc7 9. Be3 e5 10. dxe5 dxe5 11. Bc4 Nh5 12. Kh2 h6 13. Qc1 Kh7 14. Qd1 f5 15.
exf5 e4+ 16. g3 exf3 17. fxg6+ Kh8 18. Qd2 Ne5 19. Bd4 Qd7 20. g4 c5 0-1

[Event "European Senior Team Championship 2014"]
[Site "Sibenik"]
[Date "2014.04.06"]
[Round "6.17"]
[White "Mckerracher, Douglas"]
[Black "Leukkunen, Raimo"]
[Result "1/2-1/2"]
[WhiteElo "1987"]
[BlackElo "1881"]
[PlyCount "93"]
[EventDate "2014.04.01"]

1. e4 e5 2. Nf3 Nc6 3. Bb5 a6 4. Bxc6 dxc6 5. O-O Bg4 6. h3 Bxf3 7. Qxf3 Qf6 8.
Qg3 Bd6 9. d3 Qg6 10. Qf3 Nf6 11. Nd2 O-O 12. Nc4 Nd7 13. Ne3 Rae8 14. Nf5 Re6
15. Be3 c5 16. Qe2 f6 17. h4 h5 18. a3 Qe8 19. c3 g6 20. Nxd6 cxd6 21. f4 f5
22. Rae1 exf4 23. Bxf4 Kh7 24. Bc1 Nf6 25. Qd2 Ng4 26. exf5 Rxf5 27. Rxe6 Qxe6
28. Rxf5 gxf5 29. Kf1 d5 30. Qe2 Qxe2+ 31. Kxe2 Kg6 32. c4 dxc4 33. dxc4 Ne5
34. b3 Nc6 35. Kd3 Kf6 36. Be3 b6 37. Bf4 Ne5+ 38. Kc3 Ke6 39. b4 cxb4+ 40.
axb4 Nc6 41. Bc7 b5 42. c5 Kd5 43. Bd6 Ke4 44. g3 Nd4 45. Kd2 Nc6 46. Kc3 Nd4
47. Kd2 1/2-1/2

[Event "European Senior Team Championship 2014"]
[Site "Sibenik"]
[Date "2014.04.06"]
[Round "6.17"]
[White "Rintakoski, Pentti"]
[Black "Marks, Ian A"]
[Result "1/2-1/2"]
[WhiteElo "1824"]
[BlackElo "1985"]
[PlyCount "111"]
[EventDate "2014.04.01"]

1. e4 c5 2. Nf3 Nc6 3. Bc4 d6 4. d4 cxd4 5. Nxd4 e6 6. O-O Nf6 7. Nc3 Be7 8.
Nf3 O-O 9. Qe2 a6 10. Rd1 Qc7 11. Bf4 b5 12. Bd3 Bb7 13. e5 dxe5 14. Nxe5 Nxe5
15. Bxe5 Qc6 16. f3 g6 17. Kh1 Rac8 18. Qe3 Ng4 19. Qe2 Nxe5 20. Qxe5 Bd6 21.
Qg5 f5 22. Ne2 Qc5 23. a3 Be7 24. Qg3 Bf6 25. Rab1 e5 26. Bxf5 Rc7 27. Nc3 Bg7
28. Bd3 Rd7 29. Ne4 Bxe4 30. Bxe4 Rfd8 31. Rxd7 Rxd7 32. Qg4 Rd2 33. h4 Qf2 34.
Rg1 h5 35. Qh3 Bf6 36. Bxg6 Qxh4 37. Bd3 Kf7 38. Rf1 Qxh3+ 39. gxh3 Bh4 40. f4
Rf2 41. fxe5 Rxf1+ 42. Bxf1 Bg3 43. b3 Bxe5 44. a4 bxa4 45. bxa4 a5 46. Kg2 h4
47. Kf3 Ke6 48. Ke4 Bc3 49. Be2 Be1 50. Kd4 Kd6 51. c4 Bb4 52. Bf3 Bc5+ 53. Ke4
Bb4 54. Kf5 Kc5 55. Bd5 Kd4 56. Ke6 1/2-1/2

[Event "European Senior Team Championship 2014"]
[Site "Sibenik"]
[Date "2014.04.06"]
[Round "6.18"]
[White "Grahn, Lars"]
[Black "Vehkalahti, Veli"]
[Result "1-0"]
[WhiteElo "2000"]
[BlackElo "1972"]
[PlyCount "87"]
[EventDate "2014.04.01"]

1. d4 Nf6 2. c4 e6 3. Nf3 b6 4. g3 Bb7 5. Bg2 Be7 6. O-O O-O 7. Nc3 d5 8. Ne5
Nbd7 9. Nxd7 Qxd7 10. cxd5 exd5 11. Qd3 a5 12. Rd1 Ba6 13. Qc2 Rad8 14. Bg5 Bb7
15. Qb3 Qf5 16. Bxf6 Bxf6 17. Rac1 Rd7 18. e3 Re8 19. Qb5 Red8 20. e4 Qh5 21.
exd5 g5 22. Qd3 g4 23. Re1 Bg7 24. Rc2 Rd6 25. Rce2 Bf8 26. Re5 Qh6 27. Qf5 Bc8
28. Qd3 f5 29. f4 Qh5 30. Kf2 c6 31. Qe2 Bd7 32. h3 Bg7 33. hxg4 Qf7 34. gxf5
Bxe5 35. dxe5 Rh6 36. e6 Qxf5 37. exd7 Qxd7 38. dxc6 Qd4+ 39. Qe3 Rhd6 40. Qxd4
Rxd4 41. c7 Rc8 42. Nb5 Rb4 43. Bh3 Rxb2+ 44. Re2 1-0

[Event "European Senior Team Championship 2014"]
[Site "Sibenik"]
[Date "2014.04.06"]
[Round "6.18"]
[White "Karppinen, Martti"]
[Black "Nordenstrom, Sven"]
[Result "1-0"]
[WhiteElo "1880"]
[BlackElo "1993"]
[PlyCount "79"]
[EventDate "2014.04.01"]

1. d4 Nf6 2. c4 e6 3. Nf3 b6 4. g3 Ba6 5. Qa4 Be7 6. Bg2 Bb7 7. O-O O-O 8. Nc3
d6 9. Re1 Ne4 10. Nxe4 Bxe4 11. Bf4 f5 12. h4 h6 13. Bd2 Nd7 14. Qb3 Bf6 15.
Bc3 Qe7 16. Bh3 Bb7 17. Rac1 g5 18. Bg2 Qg7 19. Nxg5 hxg5 20. Bxb7 Rab8 21. Bc6
gxh4 22. Bxd7 Qxd7 23. Kg2 hxg3 24. f3 Qg7 25. e3 Kf7 26. Qa4 Kg6 27. Rh1 Qe7
28. Kxg3 e5 29. dxe5 Bxe5+ 30. Kf2 Rh8 31. Rcg1+ Kf6 32. Qc2 Ke6 33. Rg6+ Kd7
34. Qxf5+ Kc6 35. Qe4+ Kd7 36. Qf5+ Kc6 37. Bxe5 Rxh1 38. Qe4+ Kd7 39. Rg7 dxe5
40. Qd5+ 1-0

[Event "European Senior Team Championship 2014"]
[Site "Sibenik"]
[Date "2014.04.06"]
[Round "6.18"]
[White "Sandklef, Ake"]
[Black "Patola, Eero"]
[Result "1-0"]
[WhiteElo "1948"]
[BlackElo "1868"]
[PlyCount "119"]
[EventDate "2014.04.01"]

1. d4 f5 2. g3 Nf6 3. Bg2 g6 4. Nf3 Bg7 5. O-O O-O 6. e3 d6 7. c4 Qe8 8. b3 h6
9. Bb2 Na6 10. Nc3 Bd7 11. Ne5 dxe5 12. Bxb7 exd4 13. exd4 Nb4 14. Bxa8 Qxa8
15. Re1 f4 16. a3 fxg3 17. hxg3 Bg4 18. Qd2 Bh3 19. f4 Ng4 20. d5 Nc2 21. Qxc2
Bd4+ 22. Kh1 Qe8 23. Ne4 Bxb2 24. Qxb2 g5 25. Nc5 Qh5 26. Kg1 Rf7 27. Ne6 Nf6
28. Qe2 Bg4 29. Qh2 Qg6 30. Qf2 Ne4 31. Qe3 Bf5 32. fxg5 hxg5 33. Nd4 Nd6 34.
Nf3 Rg7 35. Ra2 Ne4 36. Nd4 Nd6 37. Rf2 Bd7 38. Ref1 Bh3 39. Rf8+ Kh7 40. R1f2
Qb1+ 41. Kh2 Bg4 42. Ne6 Bxe6 43. Qxe6 Qd1 44. Qe2 Qxe2 45. Rxe2 Kg6 46. Re6+
Kh5 47. Kh3 g4+ 48. Kg2 Kg5 49. c5 Nb5 50. a4 Nd4 51. Re3 Nc2 52. Re4 Na1 53.
Re3 Nc2 54. Re4 Na1 55. Rb4 Rg6 56. Rf2 e6 57. d6 cxd6 58. cxd6 Rg7 59. Rd2 Rd7
60. Kf2 1-0

[Event "European Senior Team Championship 2014"]
[Site "Sibenik"]
[Date "2014.04.07"]
[Round "7.1"]
[White "Hulak, Krunoslav"]
[Black "Dvoirys, Semen I"]
[Result "1/2-1/2"]
[WhiteElo "2475"]
[BlackElo "2560"]
[PlyCount "58"]
[EventDate "2014.04.01"]

1. d4 Nf6 2. c4 e6 3. Nf3 b6 4. e3 Bb7 5. Bd3 d5 6. Nc3 Nbd7 7. O-O Be7 8. cxd5
exd5 9. b3 O-O 10. Bb2 c5 11. Rc1 Re8 12. Ne5 cxd4 13. exd4 Bd6 14. f4 Rc8 15.
Qf3 a6 16. Bf5 Rc7 17. Na4 Nf8 18. Rxc7 Bxc7 19. Rc1 Ne4 20. g3 Bd6 21. Rc2 Qf6
22. Bh3 b5 23. Nc3 Bxe5 24. dxe5 Qb6+ 25. Kf1 Ne6 26. Bf5 Nxc3 27. Qxc3 g6 28.
Bh3 b4 29. Qd2 d4 1/2-1/2

[Event "European Senior Team Championship 2014"]
[Site "Sibenik"]
[Date "2014.04.07"]
[Round "7.1"]
[White "Gleizerov, Evgeny"]
[Black "Cebalo, Miso"]
[Result "1/2-1/2"]
[WhiteElo "2531"]
[BlackElo "2418"]
[PlyCount "41"]
[EventDate "2014.04.01"]

1. d4 Nf6 2. c4 c5 3. d5 e6 4. Nc3 exd5 5. cxd5 d6 6. Nf3 g6 7. g3 Bg7 8. Bg2
O-O 9. O-O Re8 10. h3 b6 11. Re1 Ne4 12. Nxe4 Rxe4 13. Qc2 Re8 14. e4 Nd7 15.
Bf4 Ne5 16. Nxe5 Bxe5 17. Bxe5 dxe5 18. f4 Qd6 19. Rf1 f6 20. Rf2 Bd7 21. h4
1/2-1/2

[Event "European Senior Team Championship 2014"]
[Site "Sibenik"]
[Date "2014.04.07"]
[Round "7.1"]
[White "Rukavina, Josip"]
[Black "Gavrilov, Alexei"]
[Result "1-0"]
[WhiteElo "2405"]
[BlackElo "2466"]
[PlyCount "139"]
[EventDate "2014.04.01"]

1. Nf3 d5 2. g3 c6 3. Bg2 Bg4 4. O-O Nd7 5. d3 Ngf6 6. c4 dxc4 7. dxc4 e5 8.
Qc2 Bc5 9. Nc3 O-O 10. h3 Bh5 11. Nh4 Re8 12. Bg5 Qc7 13. Rad1 Bg6 14. Nxg6
hxg6 15. Na4 Be7 16. a3 Nf8 17. b4 Ne6 18. Be3 Nd7 19. Rd2 Bg5 20. Bxg5 Nxg5
21. Rfd1 Rad8 22. h4 Ne6 23. e3 Ndf8 24. c5 Rxd2 25. Rxd2 Rd8 26. Nb2 Rxd2 27.
Qxd2 b6 28. cxb6 axb6 29. Qc3 c5 30. b5 Nd7 31. Nc4 Qa7 32. Bc6 Nef8 33. Qb3
Qc7 34. Qd1 Nb8 35. Bd5 Kh8 36. a4 Nh7 37. Bf3 Nf6 38. Qd6 Qxd6 39. Nxd6 Kg8
40. g4 Kf8 41. g5 Nfd7 42. Bd5 f6 43. Nc4 Ke7 44. Kf1 Kf8 45. Ke2 Ke7 46. Kd3
Kf8 47. Kc3 Ke7 48. Kb3 Kf8 49. a5 bxa5 50. Ka4 Ke7 51. Kxa5 f5 52. b6 e4 53.
Kb5 Kf8 54. Bc6 Ke7 55. b7 Ke6 56. Bxd7+ Nxd7 57. Kc6 Nb8+ 58. Kxc5 f4 59. Kb6
Kd5 60. Na5 fxe3 61. fxe3 Kd6 62. Nc4+ Kd5 63. Nd2 Ke5 64. Kc7 Na6+ 65. Kc8 Kf5
66. Nb3 Kg4 67. Nc5 Nxc5 68. b8=Q Nd3 69. Qb6 Kh5 70. Qd4 1-0

[Event "European Senior Team Championship 2014"]
[Site "Sibenik"]
[Date "2014.04.07"]
[Round "7.1"]
[White "Balashov, Yuri S"]
[Black "Sale, Srdjan"]
[Result "1/2-1/2"]
[WhiteElo "2446"]
[BlackElo "2402"]
[PlyCount "51"]
[EventDate "2014.04.01"]

1. d4 Nf6 2. Nf3 g6 3. Nc3 d6 4. e4 Bg7 5. Be2 O-O 6. O-O a6 7. Re1 Nc6 8. d5
Nb8 9. a4 c6 10. h3 a5 11. Be3 Na6 12. dxc6 bxc6 13. e5 Ne8 14. Nd4 Nb4 15.
exd6 exd6 16. Ne4 Bb7 17. Bf3 Nd5 18. Bg5 Qb6 19. c3 h6 20. Bc1 Rd8 21. Ra3
Nec7 22. Rb3 Qa7 23. Nc2 Ba6 24. Nd4 Bb7 25. Nc2 Ba6 26. Nd4 1/2-1/2

[Event "European Senior Team Championship 2014"]
[Site "Sibenik"]
[Date "2014.04.07"]
[Round "7.2"]
[White "Kurajica, Bojan"]
[Black "Karlsson, Lars"]
[Result "1-0"]
[WhiteElo "2506"]
[BlackElo "2408"]
[PlyCount "81"]
[EventDate "2014.04.01"]

1. d4 e6 2. g3 f5 3. Bg2 Nf6 4. Nh3 d6 5. O-O Be7 6. b3 e5 7. dxe5 dxe5 8.
Qxd8+ Bxd8 9. Bb2 e4 10. Na3 O-O 11. Rad1 Nc6 12. f3 a6 13. Nf2 Be7 14. Kh1 Be6
15. c4 Nb4 16. fxe4 Ng4 17. exf5 Ne3 18. fxe6 Nxf1 19. Rxf1 Rad8 20. Nb1 Nxa2
21. Bf3 Nb4 22. Nc3 c6 23. Nce4 Nc2 24. Rc1 Nd4 25. Bxd4 Rxd4 26. c5 Rf5 27.
Ng4 h5 28. Ne3 Re5 29. Rc4 Rd8 30. Nc2 g6 31. Kg2 Rxe6 32. b4 Re5 33. h4 Kg7
34. Nd4 Rd7 35. Kf2 Bd8 36. e3 a5 37. b5 cxb5 38. Nxb5 Be7 39. Nbd6 Bxd6 40.
cxd6 Re8 41. Rc7 1-0

[Event "European Senior Team Championship 2014"]
[Site "Sibenik"]
[Date "2014.04.07"]
[Round "7.2"]
[White "Wahlbom, Magnus"]
[Black "Dizdarevic, Emir"]
[Result "0-1"]
[WhiteElo "2291"]
[BlackElo "2503"]
[PlyCount "60"]
[EventDate "2014.04.01"]

1. e4 e6 2. d4 d5 3. Nc3 Bb4 4. e5 Ne7 5. a3 Bxc3+ 6. bxc3 b6 7. a4 Ba6 8. Bxa6
Nxa6 9. Qg4 O-O 10. Nh3 c5 11. Qe2 Qc8 12. Ba3 Nb8 13. dxc5 Nd7 14. O-O Nxc5
15. Nf4 Qc7 16. Rfe1 Rfd8 17. c4 Ng6 18. Nxg6 hxg6 19. cxd5 Rxd5 20. Bb2 Rc8
21. Ra3 Qd7 22. Qg4 Rd8 23. h4 Rd1 24. Rxd1 Qxd1+ 25. Qxd1 Rxd1+ 26. Kh2 Rd2
27. f3 Rxc2 28. Bd4 Rc4 29. Bxc5 Rxc5 30. f4 Ra5 0-1

[Event "European Senior Team Championship 2014"]
[Site "Sibenik"]
[Date "2014.04.07"]
[Round "7.2"]
[White "Vukic, Milan"]
[Black "Bergstrom, Rolf"]
[Result "1-0"]
[WhiteElo "2386"]
[BlackElo "2285"]
[PlyCount "107"]
[EventDate "2014.04.01"]

1. Nf3 d6 2. d4 Nf6 3. c4 g6 4. g3 Bg7 5. Bg2 Bf5 6. Qb3 b6 7. Nc3 Nc6 8. Qa4
Bd7 9. Qd1 O-O 10. O-O Rb8 11. b3 a6 12. d5 Na5 13. Nd4 Qc8 14. Re1 c5 15. dxc6
Nxc6 16. Bb2 Nxd4 17. Qxd4 Ng4 18. Qd2 Qc5 19. e3 Qh5 20. h3 Ne5 21. Nd5 Rfe8
22. g4 Qh4 23. f4 Nd3 24. Bxg7 Nxe1 25. Qxe1 Qxe1+ 26. Rxe1 Kxg7 27. Nc7 Rh8
28. Nxa6 Rbd8 29. a4 h5 30. g5 e6 31. e4 Kf8 32. h4 Ke7 33. Kf2 f6 34. gxf6+
Kxf6 35. e5+ dxe5 36. Rxe5 Rh7 37. Nb4 Be8 38. Bh3 Rd6 39. Ke3 Ra7 40. Nd3 Bc6
41. Bf1 Rad7 42. c5 bxc5 43. Nxc5 Re7 44. Bd3 Rd5 45. Rg5 Rg7 46. Be4 Rd6 47.
b4 Kf7 48. Bxc6 Rxc6 49. b5 Rd6 50. a5 Rg8 51. Nd3 Rd5 52. Rxd5 exd5 53. b6 Rb8
54. Nc5 1-0

[Event "European Senior Team Championship 2014"]
[Site "Sibenik"]
[Date "2014.04.07"]
[Round "7.2"]
[White "Hammar, Bengt"]
[Black "Osmanovic, Kemal"]
[Result "1-0"]
[WhiteElo "2232"]
[BlackElo "2292"]
[PlyCount "57"]
[EventDate "2014.04.01"]

1. e4 c5 2. Nf3 e6 3. d4 cxd4 4. Nxd4 Nc6 5. Nc3 d6 6. Be2 Nf6 7. Be3 Be7 8.
O-O Bd7 9. Ndb5 Qb8 10. a4 a6 11. Na3 Na7 12. Nc4 Nc8 13. Bf4 Bc6 14. e5 Nd5
15. Nxd5 exd5 16. exd6 Nxd6 17. Nb6 O-O 18. Nxd5 Bxd5 19. Qxd5 Rd8 20. Qb3 Qc8
21. Bf3 Qf5 22. Bg3 Rac8 23. Rfe1 Bf8 24. c3 b5 25. h3 Nc4 26. Bg4 Nd2 27. Bxf5
Nxb3 28. Bxc8 Nxa1 29. Bxa6 1-0